<?xml version="1.0" encoding="UTF-8"?>
<record
    xmlns:xsi="http://www.w3.org/2001/XMLSchema-instance"
    xsi:schemaLocation="http://www.loc.gov/MARC21/slim http://www.loc.gov/standards/marcxml/schema/MARC21slim.xsd"
    xmlns="http://www.loc.gov/MARC21/slim">

  <leader>02153agaaa2200337   4500</leader>
  <controlfield tag="001">0587</controlfield>
  <controlfield tag="003">IT-RoPAU</controlfield>
  <controlfield tag="005">20220918181251.0</controlfield>
  <controlfield tag="007">d cvaizq</controlfield>
  <controlfield tag="008">50131s9999||||xx ||| |     ||   ||und||</controlfield>
  <datafield tag="040" ind1=" " ind2=" ">
    <subfield code="a">IT-RoPAU</subfield>
    <subfield code="c">IT-RoPAU</subfield>
  </datafield>
  <datafield tag="041" ind1=" " ind2=" ">
    <subfield code="a">ITALIANO </subfield>
  </datafield>
  <datafield tag="100" ind1=" " ind2=" ">
    <subfield code="a">Wieczynski Rafal</subfield>
    <subfield code="g">Codice regista SPICS: 60237</subfield>
    <subfield code="9">49226</subfield>
  </datafield>
  <datafield tag="130" ind1=" " ind2=" ">
    <subfield code="a">POPIELUSZKO </subfield>
    <subfield code="9">49227</subfield>
  </datafield>
  <datafield tag="240" ind1=" " ind2=" ">
    <subfield code="a">POPIELUSZKO, WOLNOSC JEST W NAS </subfield>
    <subfield code="g">T3892</subfield>
  </datafield>
  <datafield tag="245" ind1=" " ind2=" ">
    <subfield code="a">POPIELUSZKO </subfield>
    <subfield code="c">Prodotto da: Swiercz Wieczynska J -- Sceneggiatura: Wieczynski Rafal -- Diretto da: Wieczynski Rafal</subfield>
    <subfield code="p">POPIELUSZKO (Rif. Codice opera principale : K0587)</subfield>
  </datafield>
  <datafield tag="246" ind1=" " ind2=" ">
    <subfield code="a">POPIELUSZKO, WOLNOSC JEST W NAS </subfield>
  </datafield>
  <datafield tag="250" ind1=" " ind2=" ">
    <subfield code="a">Edizione Standard</subfield>
  </datafield>
  <datafield tag="260" ind1=" " ind2=" ">
    <subfield code="a">(POLINIA )</subfield>
    <subfield code="b">N.d. / Distribuzione: MAGAZZINO DISP </subfield>
    <subfield code="g">"2009 (1&#xB0; ed.: 2010 ; Ed. Lingua Orig.: 2009)"</subfield>
  </datafield>
  <datafield tag="300" ind1=" " ind2=" ">
    <subfield code="a">DVD</subfield>
    <subfield code="b">sonoro, col.</subfield>
    <subfield code="c">149 minuti</subfield>
  </datafield>
  <datafield tag="508" ind1=" " ind2=" ">
    <subfield code="a">"Fotografia: Kedzierski Grzegorz ; Montaggio: Ciszewski Marek ; Musica: Sydor Pawel; Sceneggiatura: Wieczynski Rafal ; Scenografia: Kowalczyk Andrzej ; "</subfield>
  </datafield>
  <datafield tag="511" ind1=" " ind2=" ">
    <subfield code="a">"Woronowicz Adam; Zamachowski Zbigniew; Englert Jan; Jezewska Joanna; Kacprzak Magda; "</subfield>
  </datafield>
  <datafield tag="520" ind1=" " ind2=" ">
    <subfield code="a">AGOSTO 1980. DOPO IL PRIMO PELLEGRINAGGIO DI GIOVANNI PAOLO II IN POLONIA, I LAVORATORI COMINCIANO GLI SCIOPERI CONTRO IL REGIME COMUNISTA. NEL PAESE VIENE PROCLAMATA LA LEGGE MARZIALE. VARSAVIA E' OCCUPATA DAI CARRI ARMATI E GLI SCIOPERI VENGONO BRUTALMENTE REPRESSI. A CELEBRARE LA MESSA E AD AIUTARE GLI OPERAI ARRIVA UN GIOVANE SACERDOTE: JERZY POPIELUSZKO. LA STORIA DI UN UOMO CHE, DA SEMPLICE RAGAZZO DI CAMPAGNA, DIVENTA GUIDA SPIRITUALE DI UN'INTERA NAZIONE E IL SIMBOLO DELLA LOTTA PER LA LIBERTA' E LA VERITA'. REPRESSIONE, LIBERTA' VERITA', SACRIFICIO. CONTENUTI EXTRA: TRAILER, GALLERIA FOTOGRAFICA. </subfield>
  </datafield>
  <datafield tag="538" ind1=" " ind2=" ">
    <subfield code="a">PAL, STEREO</subfield>
  </datafield>
  <datafield tag="546" ind1=" " ind2=" ">
    <subfield code="a">ITALIANO </subfield>
  </datafield>
  <datafield tag="650" ind1=" " ind2=" ">
    <subfield code="a">BIOGRAFICO - STORICO</subfield>
    <subfield code="e">DVD-FILM [DVD]</subfield>
    <subfield code="x">Codice MATERIA SPICS: 9947</subfield>
    <subfield code="9">49228</subfield>
  </datafield>
  <datafield tag="700" ind1=" " ind2=" ">
    <subfield code="a">Sydor Pawel</subfield>
    <subfield code="e">(musica)</subfield>
    <subfield code="g">Codice Musica SPICS: 60238</subfield>
    <subfield code="9">49229</subfield>
  </datafield>
  <datafield tag="700" ind1=" " ind2=" ">
    <subfield code="a">Wieczynski Rafal </subfield>
    <subfield code="e">(regista)</subfield>
    <subfield code="g">Codice regista SPICS: 60237</subfield>
    <subfield code="9">49230</subfield>
  </datafield>
  <datafield tag="700" ind1=" " ind2=" ">
    <subfield code="a">Wieczynski Rafal </subfield>
    <subfield code="e">(soggetto)</subfield>
    <subfield code="g">Codice Soggetto SPICS: 60237</subfield>
    <subfield code="9">49231</subfield>
  </datafield>
  <datafield tag="942" ind1=" " ind2=" ">
    <subfield code="c">DV</subfield>
    <subfield code="2">ddc</subfield>
  </datafield>
  <datafield tag="999" ind1=" " ind2=" ">
    <subfield code="c">106880</subfield>
    <subfield code="d">106880</subfield>
  </datafield>
  <datafield tag="952" ind1=" " ind2=" ">
    <subfield code="0">0</subfield>
    <subfield code="1">0</subfield>
    <subfield code="4">0</subfield>
    <subfield code="6">K_0587_000000000000000</subfield>
    <subfield code="7">1</subfield>
    <subfield code="a">SPICS</subfield>
    <subfield code="b">SPICS</subfield>
    <subfield code="d">2015-01-31</subfield>
    <subfield code="l">0</subfield>
    <subfield code="o">K0587</subfield>
    <subfield code="r">2015-01-31 00:00:00</subfield>
    <subfield code="w">2015-01-31</subfield>
    <subfield code="y">DV</subfield>
    <subfield code="z">Progr. Ins.: 3957 / N.Vol.:1 / Copie: 1 / Pag.:0 / Copia rara: n.d. / date import: 1.2.2015 / By Epidotti, Trombetti, Vaglietti</subfield>
  </datafield>
</record>
